000 01207nam a2200337 a 4500
001 000115872
003 CHAP
005 20220329144552.0
008 190718s2019 mx | |sm |||||||spa d
010 _a112333
011 _a113305
040 _cCHAP
090 _aTesis
100 1 _aAcevedo García, Arturo.
_9136518
245 1 0 _aRespuesta productiva de becerras holstein bajo dos esquemas de alimentacíon
_h[En línea]
_cpor Arturo Acevedo García.
260 _aChapingo, Méx. :
_bEl autor,
_c2019.
500 _aPara ver el contenido del material haga clic en la liga
502 _aTesis (Ing. Agr. Esp. en Zootecnia) -- UACH. Departamento de Zootecnia
590 _aBATCH-UPD
_b05
_c20190718
_lUCH01
_h1030
590 _aE6337LMJ
_b05
_c20190718
_lUCH01
_h1029
590 _aE6337LMJ
_b05
_c20190718
_lUCH01
_h1031
650 1 4 _aBecerros
_xAlimentación.
_911172
650 1 4 _aGanado Holstein
_xNutrición.
_945140
650 1 4 _aGanado Holstein
_xProducción.
_945141
650 1 4 _aLeche
_xCalidad.
_965362
700 1 1 _aCeballos Durán, José Ignacio.
_9136519
856 _aFinding aid
_uhttp://10.13.5.2/tesis/sist115872.pdf
_zTeclea aquí
901 _aBK
942 _cTESIS
942 _n0
999 _c112333
_d112333